=LDR 00000nam 2200000 4500 =001 INLIS000000000011059 =005 20130612102649 =008 ***********************************Ind** =035 ##$$0010-061300000011059 =041 ##$$a Ind =082 ##$$a 333 823 =090 ##$$a 333 823, Ari i =100 ##$$a Arif, Sritna =245 ##$$a Industri munyak bumi dan Ekonomi Indonesia, Suatu studi dampak, Sritua Arief =260 ##$$a 1986 $b Jakarta =300 ##$$a XI-146 hlm, 21 cm =850 ##$$a NBPNMAT